| 000 | 00893nam a22003017a 4500 | ||
|---|---|---|---|
| 001 | 6689 | ||
| 003 | FISKH | ||
| 005 | 20250828155454.0 | ||
| 008 | 250521b cb ||||| |||| 00| 0 eng d | ||
| 020 | _a9780769633756 | ||
| 040 |
_aFISKH _beng _cFISKH _dFISKH |
||
| 050 | _a TL547.S824 | ||
| 082 | _a629.133 | ||
| 100 | _aStickland, Paul | ||
| 245 |
_aPlanes / _cPaul Stickland |
||
| 250 | _aThis edition first published in 2004 | ||
| 260 |
_aOrion : _bWaterbird, _c2004 |
||
| 300 |
_a22 unnumbered pages : _bcolor illustrations ; _c21 cm |
||
| 505 | _aP | ||
| 520 | _aIntroduces, in brief text and illustrations, various types of airplanes and their uses. | ||
| 521 | 8 |
_a640
_bLexile |
|
| 521 | 8 |
_aP
_bRaz-Plus |
|
| 650 |
_2Transportation _aTechnology |
||
| 650 |
_2Airplanes _aPreschool |
||
| 700 |
_aMartin, Douglas _dillustrator |
||
| 942 |
_2ddc _cBK _n0 |
||
| 999 |
_c6689 _d6689 |
||